Získavanie cudzieho kapitálu z medzinárodných finančných trhov diplomová práca

Gespeichert in:
Bibliographische Detailangaben
1. Verfasser: Pešková, Kristína
Körperschaft: Fakulta podnikového manažmentu EU. Katedra podnikových financií
Weitere Verfasser: Polednáková, Anna, 1957-
Format: Buch
Sprache:Slowakisch
Veröffentlicht: Bratislava 2011
Tags: Tag hinzufügen
Keine Tags, Fügen Sie das erste Tag hinzu!

MARC

LEADER 00000nbm a2200000 4500
001 0131298
005 20161109101655.7
041 0 |a slo 
044 |a SK 
245 1 0 |a Získavanie cudzieho kapitálu z medzinárodných finančných trhov  |b diplomová práca  |c Kristína Pešková ; školiteľ: Anna Polednáková 
264 1 |a Bratislava  |c 2011 
300 |a 66 s. 
100 1 |a Pešková, Kristína 
700 1 |a Polednáková, Anna, 1957- 
710 2 |a Fakulta podnikového manažmentu EU. Katedra podnikových financií